000 00536nam a2200181Ia 4500
008 100921s9999 xx 000 0 und d
082 _b19504
_a808.068 थ 85
100 _aदेवधर स.कृ.
245 _aउमज.
260 _bप्रसाद प्रकाशन,पुणे.
_c1985
300 _a91
_b---
365 _b14
520 _aललित-बालवाङ्रमय.
630 _aउमज.
650 _aललित-बालवाङ्रमय.
730 _aउमज.
942 _cBOOK
999 _c768617
_d768614